Giá trị đạo đức và giáo dục giá trị đạo đức cho trẻ em lứa tuổi mầm non
Guardado en:
| Formato: | Libro |
|---|---|
| Publicado: |
Hà Nội
Đại học sư phạm
|
| Etiquetas: |
Agregar Etiqueta
Sin Etiquetas, Sea el primero en etiquetar este registro!
|
| Thư viện lưu trữ: | Trung tâm Học liệu Lê Vũ Hùng, Trường Đại học Đồng Tháp |
|---|
| LEADER | 00637pam a22001698a 4500 | ||
|---|---|---|---|
| 001 | 00038323 | ||
| 005 | 20190104140110.0 | ||
| 008 | 170515s ||||||Viesd | ||
| 041 | 0 | # | |a Vie |
| 082 | 1 | 4 | |a 372.21 |b GI108TR |
| 245 | 1 | 0 | |a Giá trị đạo đức và giáo dục giá trị đạo đức cho trẻ em lứa tuổi mầm non |c Ngô Công Hoàn |
| 260 | # | # | |a Hà Nội |b Đại học sư phạm |
| 300 | # | # | |a 148tr. |c 27 cm |
| 852 | # | # | |b Kho đọc |j KD.1001542 |
| 852 | # | # | |j KD.0025870 |
| 910 | # | # | |d 15/05/2017 |e dtchanh |f 04/01/2019 |
| 980 | # | # | |a Trung tâm Học liệu Lê Vũ Hùng, Trường Đại học Đồng Tháp |